00387nam a2200157 a 4500003000900000005001700009007000300026008004100029020001800070040002600088082001300114245005200127260002100179942001400200999001500214DO-SdBNP20220831133735.0ta090710s2007 000 spa d a9788496515345 aDO-SdBNPbspacBNPHU  4bA188222 0aActividad y territorio : bun siglo de cambios. aEspaña,c2007. 2ddccLBS1 c3346d3346